Hydrology for engineers and planners (Record no. 547805)
[ view plain ]
| 000 -LEADER | |
|---|---|
| fixed length control field | 00646pam a2200205 4500 |
| 020 ## - INTERNATIONAL STANDARD BOOK NUMBER | |
| International Standard Book Number | 0813807956 |
| 082 00 - DEWEY DECIMAL CLASSIFICATION NUMBER | |
| Classification number | 627 |
| Author Mark | HJE |
| -- | L-NUST, P-15 |
| 100 1# - MAIN ENTRY--PERSONAL NAME | |
| Personal name | Hjelmfelt, A. T., |
| 9 (RLIN) | 43935 |
| 245 10 - TITLE STATEMENT | |
| Title | Hydrology for engineers and planners |
| Statement of responsibility, etc. | [by] A. T. Hjelmfelt, Jr. [and] J. J. Cassidy. |
| 250 ## - EDITION STATEMENT | |
| Edition statement | [1st ed.] |
| 260 ## - PUBLICATION, DISTRIBUTION, ETC. | |
| Place of publication, distribution, etc. | Ames, |
| Name of publisher, distributor, etc. | Iowa State University Press, |
| Date of publication, distribution, etc. | 1975. |
| 300 ## - PHYSICAL DESCRIPTION | |
| Extent | x, 210 p. |
| Other physical details | illus. |
| Dimensions | 23 cm. |
| 526 ## - STUDY PROGRAM INFORMATION NOTE | |
| Program name | 0 |
| Interest level | 0 |
| Reading level | 0 |
| Title point value | 627_000000000000000_HJE |
| 526 ## - STUDY PROGRAM INFORMATION NOTE | |
| Program name | 0 |
| Interest level | 0 |
| Reading level | 0 |
| Title point value | 627_000000000000000_HJE |
| 650 #0 - SUBJECT ADDED ENTRY--TOPICAL TERM | |
| Topical term or geographic name entry element | Civil engineering. |
| 650 #0 - SUBJECT ADDED ENTRY--TOPICAL TERM | |
| Topical term or geographic name entry element | Hydrology. |
| 650 #0 - SUBJECT ADDED ENTRY--TOPICAL TERM | |
| Topical term or geographic name entry element | MCE |
| 9 (RLIN) | 379 |
| 700 1# - ADDED ENTRY--PERSONAL NAME | |
| Personal name | Cassidy, John Joseph, |
| 9 (RLIN) | 43936 |
| 942 ## - ADDED ENTRY ELEMENTS (KOHA) | |
| Source of classification or shelving scheme | |
| Koha item type | Book |
| Withdrawn status | Lost status | Source of classification or shelving scheme | Damaged status | Not for loan | Permanent Location | Current Location | Date acquired | Total Checkouts | Full call number | Barcode | Date last seen | Price effective from | Koha item type |
|---|---|---|---|---|---|---|---|---|---|---|---|---|---|
| Military College of Engineering (MCE) | Military College of Engineering (MCE) | 08/07/2014 | 627 HJE | MCE-43881 | 08/07/2014 | 08/07/2014 | Book | ||||||
| Military College of Engineering (MCE) | Military College of Engineering (MCE) | 08/07/2014 | 627 HJE | MCE-25572 | 08/07/2014 | 08/07/2014 | Book |
